Hỏi đáp về pháp luật chống trợ cấp của Việt Nam và WTO
Nội dung sách là 85 câu hỏi và giải đáp về các quy định trong việc áp dụng các biện pháp chống trợ cấp trong nhập khẩu hàng hóa của Việt Nam và thông lệ quốc tế.
Saved in:
| Main Author: | |
|---|---|
| Format: | Book |
| Language: | Undetermined |
| Published: |
Hà Nội
Tài chính
2008
|
| Subjects: | |
| Tags: |
Add Tag
No Tags, Be the first to tag this record!
|
| Institutions: | Trung tâm Học liệu Trường Đại học Cần Thơ |
|---|
| LEADER | 00975nam a2200217Ia 4500 | ||
|---|---|---|---|
| 001 | CTU_150415 | ||
| 008 | 210402s9999 xx 000 0 und d | ||
| 020 | |c 50000 | ||
| 082 | |a 343.5970877 | ||
| 082 | |b L406 | ||
| 100 | |a Đinh, Thị Mỹ Loan | ||
| 245 | 0 | |a Hỏi đáp về pháp luật chống trợ cấp của Việt Nam và WTO | |
| 245 | 0 | |c Đinh Thị Mỹ Loan chủ biên | |
| 260 | |a Hà Nội | ||
| 260 | |b Tài chính | ||
| 260 | |c 2008 | ||
| 520 | |a Nội dung sách là 85 câu hỏi và giải đáp về các quy định trong việc áp dụng các biện pháp chống trợ cấp trong nhập khẩu hàng hóa của Việt Nam và thông lệ quốc tế. | ||
| 650 | |a Actions and defenses,Import quotas,Luật chống trợ cấp hàng hóa nhập khẩu | ||
| 650 | |z Vietnam,Vietnam | ||
| 904 | |i Tuyến | ||
| 980 | |a Trung tâm Học liệu Trường Đại học Cần Thơ | ||